000 00468nam a22001817a 4500
003 CEME
005 20210628201736.0
008 210216b xxu||||| |||| 00| 0 eng d
020 _a81-219-1337-3
040 _c.
082 _a621.402 KHU
100 _aKhurmi, R.S Gupta, J.K
_956621
245 _aA text book of thermal engineering s.i units
260 _aNEW DELHI
_bS.CHAND
_c2000
300 _a895P
650 _aTHERMAL ENGINEERING
_956622
942 _cBK
_2ddc
999 _c566997
_d566997